000 00331nam a2200145Ia 4500
005 20251222143111.0
008 251222s9999||||xx |||||||||||||| ||spa||
020 _a9789584515117
082 _a981.032/O82
100 _aOspina, William
245 0 _aEl PaĆ­s de la Canela
250 _a1ra.ed.
264 _bNorma
942 _cLIB
999 _c11163
_d11163